Societas Europaea as a New Form of Enhancement the Quality of Business from the Perspective of the Application of Tax Optimization

Societas Europaea, ako forma podnikania. Jej cieľom je uľahčiť voľný pohyb kapitálu v celej EÚ a harmonizovať právne normy obchodných spoločností krajín EÚ. Hlavné výhody a nevýhody Societas Europaea. Rozdiely v porovnaní s inými formami podnikania. Najdôležitejší rozdiel je v tom, že subjekt si môž...

Descrizione completa

Salvato in:
Dettagli Bibliografici
Autore principale: Simonidesová, Jana, 1968-
Altri autori: Manová, Eva, 1957-, Stašková, Slavomíra, 1989-
Natura: Capitolo di libro
Lingua:inglese
Soggetti:
Tags: Aggiungi Tag
Nessun Tag, puoi essere il primo ad aggiungerne!!

MARC

LEADER 00000naa a2200000 4500
001 0213030
005 20240502083534.6
041 0 |a eng 
044 |a UA 
245 1 0 |a Societas Europaea as a New Form of Enhancement the Quality of Business from the Perspective of the Application of Tax Optimization  |c Jana Simonidesová, Eva Manová, Slavomíra Stašková 
520 |a Societas Europaea, ako forma podnikania. Jej cieľom je uľahčiť voľný pohyb kapitálu v celej EÚ a harmonizovať právne normy obchodných spoločností krajín EÚ. Hlavné výhody a nevýhody Societas Europaea. Rozdiely v porovnaní s inými formami podnikania. Najdôležitejší rozdiel je v tom, že subjekt si môže zvoliť krajinu pre sídlo svojej Societas Europaea v ktorejkoľvek krajine členských štátov EÚ. Ide o nadnárodný európsky ekvivalent akciovej spoločnosti. Predmet dane z príjmov. Porovnanie príjmov právnických osôb, sadzby dane a výšky dane na Slovensku a v iných krajinách EÚ v období rokov 2010-2014. Zisťovanie, ktoré z krajín EÚ sú vhodné na umiestnenie Societas Europaea z hľadiska daňovej optimalizácie. 
610 2 0 |a dane z príjmov 
610 2 0 |a optimalizácia daňová 
610 2 0 |a analýza komparatívna 
100 1 |a Simonidesová, Jana, 1968- 
700 1 |a Manová, Eva, 1957- 
700 1 |a Stašková, Slavomíra, 1989-